000 00663nam a22001817a 4500
003 UA-OsUOA
001 12532
007 ta
008 20050523b un ||||| |||| 00| 0 ukr d
100 _aКарамушка Л.
942 _cSA
040 _aUA-OsUOA
_cUA-OsUOA
_dUA-OsUOA
245 _aПраво медичних працівників, які живуть у сільській місцевості, на пільги за житлово-комунальні послуги
300 _aС.19
955 _a0
773 0 _w0
_tПраця і зарплата
_dКиїв
_d2005
_g№19
650 7 _aПраво соціального забезпечення
_2UDC
999 _c298693
_d298693